Devine le roukmoute - Statistiques

Statistiques générales
  • Ce quiz a été pris 6 fois
  • Le résultat moyen est 9 sur 17
Statistiques - réponses
Indice Réponse % Correct
fait couler de l'eau rouxbinet
100%
contrée natal des rouquemoutes rouxmanie
100%
os sésamoîde du genou rouxtule
100%
cabriole gymnique du roukmoute rouxlade
67%
oiseau noir et blanc mais roux hirouxdelle
67%
ville originel des roukmoutes rouxen
67%
jeu d'argent préféré du rouquemoute rouxlette
67%
passe sa vie dans le kamtar rouxtier
67%
voile lumineux du pôle nord aurouxre boréale
33%
dulcinée du grand chef rouquemoute Maiwenn
33%
couleur réelle du roukmoute rouxquin
33%
leader du dodgeball la musse grand chef roukmoute
33%
roukmoute malicieux rouxblard
33%
chant nuptial des rouquemoutes rouxcouler
33%
rappeur comorien finito rouxff
33%
oiseau signe de la fin d'hibernation des rouquemoutes rouxssignol
33%
dictateur des roukmoutes vladimir rouxtine
0%
Aucun quiz correspondant
Distribution des résultats
% des personnes avec chaque résultat
Percentile par nombre de réponses
Votre historique - résultats
Vous n’avez pas pris ce quiz